Vainqueurs de la FA Cup. - Statistiques

Statistiques générales
  • Ce quiz a été pris 156 fois
  • Le résultat moyen est 21 sur 44
Statistiques - réponses
Victoires Equipes Derniere finale gagne % Correct
14 Arsenal 2020
99%
12 Manchester United 2016
99%
8 Chelsea 2018
98%
6 Manchester City 2019
98%
7 Liverpool 2006
97%
1 Leicester City 2021
87%
6 Newcastle United 1955
87%
8 Tottenham Hotspur 1991
87%
7 Aston Villa 1957
82%
5 Everton 1995
82%
1 Leeds United 1972
81%
2 Nottingham Forest 1959
78%
3 West Ham United 1980
75%
1 Southampton 1976
67%
2 Sunderland 1973
67%
4 Wolverhampton 1960
64%
1 Burnley 1914
60%
1 Cardiff City 1927
54%
4 Sheffield United 1925
52%
1 Derby County 1946
48%
2 Portsmouth 2008
45%
3 Sheffield Wednesday 1935
44%
5 West Bromwich Albion 1968
44%
1 Ipswich Town 1978
37%
1 Wimbledon 1988
37%
1 Wigan Athletic 2013
36%
1 Blackpool 1953
35%
6 Blackburn Rovers 1928
33%
1 Huddersfield Town 1922
32%
1 Oxford University 1874
31%
2 Preston North End 1938
29%
1 Charlton Athletic 1947
25%
1 Coventry City 1987
25%
1 Barnsley 1912
20%
4 Bolton Wanderers 1958
11%
1 Bradford City 1911
11%
1 Notts County 1894
11%
2 Bury 1903
8%
5 Wanderers 1878
7%
1 Blackburn Olympic 1883
4%
2 Old Etonians 1882
4%
1 Clapham Rovers 1880
3%
1 Old Carthusians 1881
3%
1 Royal Engineers 1875
3%
Aucun quiz correspondant
Distribution des résultats
% des personnes avec chaque résultat
Percentile par nombre de réponses
Votre historique - résultats
Vous n’avez pas pris ce quiz